[Event "AUTO-OPEN-1432"]
[Site "http://www.queenalice.com/game.php?id=535926"]
[Date "2009.2.6"]
[Round "1"]
[White "anetta007"]
[Black "PedroNRF"]
[Result "0-1"]
[WhiteElo "1601"]
[BlackElo "1756"]

1. e4 e5 2. Nf3 Nc6 3. Nc3 Bb4 4. a3 Bxc3 5. dxc3 d6 6. h3 Nf6 7. Bd3 h6 8. Be3
Be6 9. Qe2 Qe7 10. O-O a6 11. c4 Na5 12. c5 O-O 13. cxd6 cxd6 14. b4 Nc6 15. c4
Rac8 16. c5 d5 17. exd5 Bxd5 18. Bf5 Bxf3 19. Qxf3 e4 20. Qf4 g5 21. Qh2 Rcd8
22. Bg4 Ne5 23. f4 Nc4 24. fxg5 Nxg4 25. hxg4 Nxe3 26. Rfe1 Nxg4 27. Qg3 Qxg5
28. Rxe4 Nf6 29. Re3 Rd2 30. Qxg5+ hxg5 31. Re7 Rd7 32. Rxd7 Nxd7 33. Rd1 Nb8
34. Rd5 f6 35. Kf2 Kg7 36. g4 Kg6 37. Rd6 Re8 38. Kf3 Kf7 39. Rb6 Re7 40. a4 Nc6
41. b5 Nd4+ 42. Kf2 Rc7 43. c6 bxc6 0-1

[Event "AUTO-OPEN-1432"]
[Site "http://www.queenalice.com/game.php?id=535927"]
[Date "2009.2.6"]
[Round "1"]
[White "PedroNRF"]
[Black "anetta007"]
[Result "1/2-1/2"]
[WhiteElo "1751"]
[BlackElo "1768"]

1. d4 d5 2. Bf4 Nf6 3. Nc3 a6 4. e3 e6 5. Nf3 Bb4 6. Rb1 Bxc3+ 7. bxc3 Nc6 8.
Bd3 h6 9. Be5 Bd7 10. Rxb7 Nxe5 11. Nxe5 O-O 12. Qe2 Bb5 13. O-O Qc8 14. Bxb5
Qxb7 15. Bc6 Qb2 16. Bxa8 Rxa8 17. c4 Qxa2 18. c5 a5 19. Qd3 a4 20. c6 a3 21.
Nd7 Ne4 22. Nc5 Qb2 23. Nb3 a2 24. Ra1 Qb1+ 25. Qf1 Qxc2 26. Nc1 Nd2 27. Qe1 Qb2
28. Nd3 Qc2 29. Nb4 Qb2 30. Nd3 Qc3 31. Nc5 Qc2 32. h4 Nb1 33. Qb4 Qd1+ 34. Kh2
Qf1 35. Qb7 Ra3 36. Qb4 Rc3 37. Rxa2 1/2-1/2

[Event "AUTO-OPEN-1432"]
[Site "http://www.queenalice.com/game.php?id=535928"]
[Date "2009.2.6"]
[Round "1"]
[White "anetta007"]
[Black "jeudes2"]
[Result "0-1"]
[WhiteElo "1519"]
[BlackElo "1853"]

1. e4 e5 2. Nf3 Nc6 3. Nc3 Nf6 4. h3 Bb4 5. a3 Ba5 6. b4 Bb6 7. Bb5 O-O 8. Bxc6
dxc6 9. Nxe5 Qd4 10. O-O Qxe5 11. Bb2 Qg5 0-1

[Event "AUTO-OPEN-1432"]
[Site "http://www.queenalice.com/game.php?id=535929"]
[Date "2009.2.6"]
[Round "1"]
[White "jeudes2"]
[Black "anetta007"]
[Result "1-0"]
[WhiteElo "1856"]
[BlackElo "1516"]

1. d4 d5 2. c4 dxc4 3. Nf3 Nf6 4. e3 g6 5. Bxc4 Bg4 6. h3 Bxf3 7. Qxf3 c6 8. Nc3
Bg7 9. Ne4 Nbd7 10. O-O b5 11. Bb3 1-0

[Event "AUTO-ADV-1209"]
[Site "http://www.queenalice.com/game.php?id=536135"]
[Date "2009.2.6"]
[Round "1"]
[White "Lopesq"]
[Black "anetta007"]
[Result "1-0"]
[WhiteElo "1768"]
[BlackElo "1591"]

1. Nf3 c5 2. d4 e6 3. d5 exd5 4. Qxd5 Be7 5. Bg5 Nc6 6. c3 h6 7. Bxe7 Ngxe7 8.
Qd1 O-O 9. e3 a6 10. Bd3 d5 11. Bc2 Bg4 12. Nbd2 d4 13. h3 dxe3 14. fxe3 1-0

[Event "AUTO-ADV-1209"]
[Site "http://www.queenalice.com/game.php?id=536136"]
[Date "2009.2.6"]
[Round "1"]
[White "anetta007"]
[Black "Lopesq"]
[Result "0-1"]
[WhiteElo "1582"]
[BlackElo "1777"]

1. e4 c5 2. Nf3 Nc6 3. d4 cxd4 4. Nxd4 e5 5. Nxc6 bxc6 6. Bc4 Bb4+ 7. Bd2 Bxd2+
8. Nxd2 Nf6 9. h3 O-O 10. O-O d5 11. exd5 cxd5 12. Bb3 Be6 13. Nf3 Qb8 14. Re1
e4 15. Nd4 Bd7 16. c4 dxc4 0-1

[Event "AUTO-ADV-1209"]
[Site "http://www.queenalice.com/game.php?id=536149"]
[Date "2009.2.6"]
[Round "1"]
[White "jeudes2"]
[Black "anetta007"]
[Result "1-0"]
[WhiteElo "1858"]
[BlackElo "1514"]

1. d4 d5 2. c4 dxc4 3. Nf3 Nc6 4. Qa4 Bd7 5. Qxc4 Nf6 6. e3 h6 7. Bd3 e6 8. O-O
Nb4 9. Bd2 Nxd3 10. Qxd3 a6 11. Rc1 1-0

[Event "AUTO-ADV-1209"]
[Site "http://www.queenalice.com/game.php?id=536150"]
[Date "2009.2.6"]
[Round "1"]
[White "anetta007"]
[Black "jeudes2"]
[Result "0-1"]
[WhiteElo "1512"]
[BlackElo "1860"]

1. e4 e5 2. Nf3 Nc6 3. Bc4 d6 4. h3 Be7 5. d3 Nf6 6. Bg5 O-O 7. Bxf6 Bxf6 8.
Nbd2 Be6 9. Bxe6 fxe6 10. Qe2 d5 0-1

[Event "AUTO-ADV-1209"]
[Site "http://www.queenalice.com/game.php?id=536159"]
[Date "2009.2.6"]
[Round "1"]
[White "anetta007"]
[Black "agjjr"]
[Result "0-1"]
[WhiteElo "1798"]
[BlackElo "1844"]

1. e4 c5 2. Nf3 d6 3. Bc4 Nc6 4. h3 Nf6 5. Nc3 Nxe4 6. Nxe4 d5 7. Bb5 dxe4 8.
Bxc6+ bxc6 9. Nh2 Ba6 10. Qg4 Qd5 11. b3 Qd4 12. c3 Qd3 13. Ba3 f5 14. Qxf5 Qe2#
0-1

[Event "AUTO-ADV-1209"]
[Site "http://www.queenalice.com/game.php?id=536160"]
[Date "2009.2.6"]
[Round "1"]
[White "agjjr"]
[Black "anetta007"]
[Result "1-0"]
[WhiteElo "1912"]
[BlackElo "1561"]

1. e4 c5 2. Nf3 d6 3. d4 cxd4 4. Nxd4 Nc6 5. Nc3 g6 6. Be3 Bg7 7. Bc4 e6 8. O-O
a6 9. Qe2 Bxd4 10. Bxd4 Nf6 11. Be3 Bd7 12. Rad1 Bc8 13. Bg5 Ne5 14. Bb3 O-O 15.
f4 Neg4 16. e5 Qb6+ 17. Kh1 Ne3 18. Rxd6 Qa7 19. Rf3 Nf5 20. Bxf6 Nxd6 21. Be7
Nf5 22. Bxf8 Nd4 23. Qe3 Kxf8 24. Rh3 Nxb3 25. Qxa7 Rxa7 26. axb3 b5 27. Rxh7
Kg8 28. Rh3 Rd7 29. g4 Rd2 30. Ne4 Bb7 31. Re3 Rxc2 32. Kg1 Rxb2 33. Nf6+ Kg7
34. Rh3 Rb1+ 35. Kf2 1-0

[Event "Rematch!"]
[Site "http://www.queenalice.com/game.php?id=538652"]
[Date "2009.2.11"]
[Round "-"]
[White "anetta007"]
[Black "positionalgenius"]
[Result "0-1"]
[WhiteElo "1615"]
[BlackElo "1836"]

1. e4 c5 2. Nf3 d6 3. Bb5+ Bd7 4. Bxd7+ Nxd7 5. O-O e6 6. b3 Be7 7. Bb2 Ngf6 8.
Nc3 O-O 9. d4 cxd4 10. Qxd4 e5 0-1

[Event "Let's Play Chess!"]
[Site "http://www.queenalice.com/game.php?id=538880"]
[Date "2009.2.11"]
[Round "-"]
[White "Bruuno"]
[Black "anetta007"]
[Result "1-0"]
[WhiteElo "1649"]
[BlackElo "1774"]

1. e4 c5 2. Bc4 e6 3. Nf3 Nf6 4. Ne5 d6 5. Nf3 Bd7 6. Nc3 a6 7. O-O b5 8. Be2 b4
9. Nb1 Nxe4 10. Re1 Nf6 11. c3 a5 12. a3 bxa3 13. Nxa3 a4 14. d4 1-0